Hindu women's right of property (past and present) (Record no. 362288)

000 -LEADER
fixed length control field 00385cam a22001217a 4500
008 - FIXED-LENGTH DATA ELEMENTS--GENERAL INFORMATION
fixed length control field 180718b1961 xxu||||| |||| 00| 0 eng d
082 ## - DEWEY DECIMAL CLASSIFICATION NUMBER
Classification number B142x54 C393
100 ## - MAIN ENTRY--PERSONAL NAME
Personal name Chaudhari, Roop L.
245 ## - TITLE STATEMENT
Title Hindu women's right of property (past and present)
Statement of responsibility, etc. by Roop L. Chaudhari
260 ## - PUBLICATION, DISTRIBUTION, ETC.
Place of publication, distribution, etc. Calcutta
Name of publisher, distributor, etc. Firma K.L. Mukhopadhyay
Date of publication, distribution, etc. 1961
300 ## - PHYSICAL DESCRIPTION
Extent 156p.
650 ## - SUBJECT ADDED ENTRY--TOPICAL TERM
Topical term or geographic name entry element Women - Legalstatus - India.
Holdings
Withdrawn status Lost status Damaged status Not for loan Permanent Location Current Location Date acquired Full call number Barcode Date last seen Price effective from Koha item type
        Indian Institute of Public Administration Indian Institute of Public Administration 1994-03-22 B142x54 C393 27794 2018-07-21 2018-07-21 Book

Powered by Koha